000 01838nam a22002897a 4500
003 DO-SdBNP
005 20240530073937.0
007 ta
008 210831b201919 ddr 00| 0 eng spa
020 _a9789945804546
040 _aDO-SdBNP
_bspa
_cBNPHU
082 4 _aRD864.5
_bS474a
_222
100 1 _aSención, Guillermo,
_d1957-
_979660
245 1 0 _aArena y limo /
_cGuillermo Sención Villalona ; prólogo Mateo Morrison.
246 1 0 _aArena y limo :
_bensayos y artículos.
260 _aSanto Domingo :
_bArcoiris Cultural,
_c2019.
300 _a135 p. ;
_c23 cm.
500 _aIncluye datos biográficos del autor en las solapas
500 _aIncluye referencias bibliográficas y notas al pie de las páginas
505 0 _aPalabras del autor --
_tArena y limo, notas acerca de un libro de ensayos Mateo Morrison --
_tBorges: la emoción estética de leerlo --
_tDe la creación artística al Realismo Mágico --
_tAlejo Carpentier o una exploración literaria de América --
_t De novelas y personajes: La perla --
_tJean Paul Sartre (París 1905 - París 1980) --
_tPablo Neruda (1904-1973) --
_tLos poemas de don Porfirio Villalona --
_tDesaciertos visibles en La fiesta del chivo --
_tOscar Wilde: El encanto de su conversación --
_tTras las huellas de la bailarina española --
_tLa síntesis poética en Rafael Hilario Medina --
_tLos hijos del sol: entre el recuerdo, la pasión y la poesía --
_tLa novela doble jueves y los desafíos al lenguaje --
_tLa novena --
_tDe fugas y visiones: un libro del doctor Jochy Herrera --
_tLos ojos de la loma del zorro --
_tLa oscura noche de Adrianita.
590 _aInventariado, 2021 /LP
650 0 _aEnsayos dominicanos
_965
650 4 _aLiteratura dominicana
700 1 _aMorrison, Mateo,
_d1947-
_epról.
_91469
910 _aLopérez. Control de calidad MFF
942 _2ddc
_cLBS1
999 _c50343
_d50343